=LDR 00000nam 2200000 4500 =001 INLIS000000000030352 =005 20130612132514 =008 ***********************************Indonesia** =035 ##$$0010-061300000030352 =041 ##$$a Indonesia =082 ##$$a 364.155 =090 ##$$a 364.155, Kek, k =100 ##$$a Akotsar,DR.Artidjo =245 ##$$a kekerasan Terhadap Perempan Di lingkungan peradilan umum, dr. artidjo alkotsar,sh =260 ##$$a 2009 $b Jakarta =300 ##$$a xi,53 hlm., 21 cm =650 ##$$a kekerasan Terhadap Perempuan =850 ##$$a NBPNMAT